|
|
|
|
| LEADER |
00000nam a2200000 a 4500 |
| 001 |
UCK0753 |
| 003 |
CL-VaPUC |
| 008 |
041022e19820000KE |||||||||||||||||eng|d |
| 020 |
|
|
|a 0175553785
|
| 082 |
0 |
4 |
|a 428
|b WEL
|2 21
|
| 100 |
0 |
|
|a Wellman, Guy
|e author
|9 488623
|
| 245 |
1 |
0 |
|a Hearsay: listening work
|
| 250 |
|
|
|a 1a. ed
|
| 300 |
|
|
|a 47 p
|
| 942 |
|
|
|c BK
|
| 945 |
|
|
|d 20041022 00:00:00
|a vberengu
|
| 260 |
|
|
|a Nairobi
|b Nelson
|c 1982
|
| 650 |
|
0 |
|a Lengua inglesa
|9 318842
|
| 650 |
|
0 |
|a Enseñanza del inglés
|9 367340
|
| 650 |
|
0 |
|a Libros de texto
|9 270019
|
| 650 |
|
0 |
|a Educación lingüística
|9 306506
|
| 583 |
|
|
|a last modification
|c 20041022 00:00:00
|k Rodrigo Vera
|
| 999 |
|
|
|c 311025
|d 311023
|
| 952 |
|
|
|0 0
|1 0
|4 0
|6 428_000000000000000_WEL_1982
|7 0
|8 A
|9 380206
|a BIBEDU
|b BIBEDU
|d 2019-11-21
|i 4067940
|o 428 WEL 1982
|p 4067940
|r 2019-11-21
|w 2019-11-21
|y BK
|k LIT
|